ARRUPE JESUIT UNIVERSITY

CORONAVIRUS -STOP THE SPREAD - CLEAN,DISINFECT,COVER

Priesthood in the modern world : (Record no. 117926)

MARC details
000 -LEADER
fixed length control field 01030cam a2200277 a 4500
001 - CONTROL NUMBER
control field 1200979
003 - CONTROL NUMBER IDENTIFIER
control field ARRUPE
005 - DATE AND TIME OF LATEST TRANSACTION
control field 20130919165309.0
008 - FIXED-LENGTH DATA ELEMENTS--GENERAL INFORMATION
fixed length control field 981113s1999 wiu b 000 0 eng
010 ## - LIBRARY OF CONGRESS CONTROL NUMBER
LC control number 98051555
020 ## - INTERNATIONAL STANDARD BOOK NUMBER
International Standard Book Number 1580510558
040 ## - CATALOGING SOURCE
Original cataloging agency DLC
Transcribing agency DLC
Modifying agency DLC
050 00 - LIBRARY OF CONGRESS CALL NUMBER
Classification number BX1912
Item number .P77 1999
082 00 - DEWEY DECIMAL CLASSIFICATION NUMBER
Classification number 262/.142
Edition number 21
300 ## - PHYSICAL DESCRIPTION
Dimensions 23 cm.
245 00 - TITLE STATEMENT
Title Priesthood in the modern world :
Remainder of title a reader /
Statement of responsibility, etc introduction by Philip J. Murnion ; edited by Karen Sue Smith.
260 ## - PUBLICATION, DISTRIBUTION, ETC. (IMPRINT)
Place of publication, distribution, etc Franklin, Wis. :
Name of publisher, distributor, etc Sheed & Ward,
Date of publication, distribution, etc 1999.
300 ## - PHYSICAL DESCRIPTION
Extent ix, 120 p. ;
500 ## - GENERAL NOTE
General note "A church book."
610 20 - SUBJECT ADDED ENTRY--CORPORATE NAME
Corporate name or jurisdiction name as entry element Catholic Church
General subdivision Clergy.
9 (RLIN) 763
650 #0 - SUBJECT ADDED ENTRY--TOPICAL TERM
Topical term or geographic name as entry element Clergy
General subdivision Office.
9 (RLIN) 764
700 1# - ADDED ENTRY--PERSONAL NAME
Personal name Smith, Karen Sue.
9 (RLIN) 765
856 42 - ELECTRONIC LOCATION AND ACCESS
Materials specified Contributor biographical information
Uniform Resource Identifier <a href="http://www.loc.gov/catdir/enhancements/fy1115/98051555-b.html">http://www.loc.gov/catdir/enhancements/fy1115/98051555-b.html</a>
906 ## - LOCAL DATA ELEMENT F, LDF (RLIN)
a 7
b cbc
c orignew
d 1
e ocip
f 19
g y-gencatlg
942 ## - ADDED ENTRY ELEMENTS (KOHA)
Source of classification or shelving scheme Library of Congress Classification
Koha item type Monograph ( Printed materials)
Holdings
Withdrawn status Lost status Source of classification or shelving scheme Damaged status Not for loan Home library Current library Date acquired Total Checkouts Full call number Barcode Date last seen Price effective from Koha item type
    Library of Congress Classification     ARRUPE LIBRARY ARRUPE LIBRARY 19/09/2013   BX1912 .P77 1999 46411277 22/11/2017 19/09/2013 Monograph ( Printed materials)

 

Arrupe Library. PO Box MP320 Mt Pleasant, Harare, Zimbabwe
263 242 745411|librarian@aju.ac.zw